Name That Flick from the Crummy Plot! #3 - Statistics

General Stats
  • This quiz has been taken 12 times
  • The average score is 8 of 10
Answer Stats
Hint Answer % Correct
A high school slacker fakes being sick to skip school, has a wildly adventurous day in Chicago with his friends, and manages to outsmart his principal while enjoying every moment of his epic ditch day. Ferris Bueller's Day Off
92%
A board game magically sucks people into a jungle adventure, where they have to complete dangerous challenges to escape, all while dealing with wild animals and weird game rules. Jumanji
92%
A girl dresses up as a guy to join the army, pretends to be a warrior, fights off invaders with a dragon and a horse, and eventually saves China while keeping her secret. Mulan
92%
A group of Jamaican athletes tries to compete in the Winter Olympics bobsledding event, faces a ton of obstacles and cultural challenges, and proves they can race with the best despite being totally out of their element. Cool Runnings
83%
A family of superheroes tries to live a normal life but is forced back into action when a villain threatens the world, combining their powers to save the day while juggling family drama. Incredibles
83%
A college geek invents a website that lets people obsess over each other’s photos, ends up in a courtroom battle with his friends, and learns that being rich and famous doesn’t stop people from hating you. The Social Network
83%
The President's plane gets hijacked by terrorists, so he kicks into action, takes down the bad guys, and saves the day while everyone else is in a panic. Air Force One
67%
Two clueless best friends go on a cross-country trip to return a briefcase full of money, causing chaos everywhere they go with their ridiculous antics and misunderstandings. Dumb and Dumber
67%
A young writer befriends some sassy maids in the 1960s South, helps them tell their stories, and shakes up the town with some serious drama and clever wit. The Help
58%
A mute woman falls in love with a mysterious sea creature in a secret government lab, and they work together to escape while facing a lot of awkward and touching moments. The Shape of Water
58%
No matching quizzes found
Score Distribution
Percent of People with Each Score
Percentile by Number Answered
Your Score History
You have not taken this quiz